| Tag |
First Indicator |
Second Indicator |
Subfields |
| LEADER |
00000pam a2200000 a 4500 |
| 001 |
in00000087133 |
| 005 |
20151008064744.0 |
| 008 |
811026s1981 maua b 10100 eng |
| 010 |
|
|
|a 81015673
|
| 020 |
|
|
|a 0262060787
|
| 035 |
|
|
|a (OCoLC)07946405
|
| 035 |
|
|
|9 AAK4739AM
|
| 039 |
0 |
|
|a 2
|b 3
|c 3
|d 3
|e 3
|
| 040 |
|
|
|a DLC
|c DLC
|d TXA
|d UtOrBLW
|
| 049 |
|
|
|a TXAM
|c [1196507]
|
| 050 |
0 |
0 |
|a HC79.C7
|b M62
|
| 082 |
0 |
|
|a 333.7/0724
|2 19
|
| 245 |
0 |
0 |
|a Modeling and measuring natural resource substitution /
|c edited by Ernst R. Berndt, Barry C. Field.
|
| 264 |
|
1 |
|a Cambridge, Mass. :
|b MIT Press,
|c [1981]
|
| 264 |
|
4 |
|c ©1981
|
| 300 |
|
|
|a vii, 314 pages :
|b illustrations ;
|c 24 cm.
|
| 336 |
|
|
|a text
|b txt
|2 rdacontent
|
| 337 |
|
|
|a unmediated
|b n
|2 rdamedia
|
| 338 |
|
|
|a volume
|b nc
|2 rdacarrier
|
| 500 |
|
|
|a Revisions of papers originally presented at a conference held in Key Biscayne, Fla., Dec. 13-14, 1979.
|
| 500 |
|
|
|a Includes index.
|
| 504 |
|
|
|a Bibliography: pages [290]-305.
|
| 650 |
|
0 |
|a Costs, Industrial
|x Mathematical models
|x Congresses.
|
| 650 |
|
0 |
|a Materials
|x Costs
|x Mathematical models
|x Congresses.
|
| 650 |
|
0 |
|a Substitute products
|x Costs
|x Mathematical models
|x Congresses.
|
| 650 |
|
0 |
|a Conservation of natural resources
|x Economic aspects
|x Mathematical models
|x Congresses.
|
| 700 |
1 |
|
|a Berndt, Ernst R.
|
| 700 |
1 |
|
|a Field, Barry C.
|
| 999 |
|
|
|a MARS
|
| 999 |
f |
f |
|s 71ff8f08-bce1-305b-b843-de7eb37a2b30
|i 8896bcbb-8e98-3925-9803-fa8c9fc99883
|t 0
|
| 952 |
f |
f |
|p ric
|a Texas A&M University
|b Rellis Campus
|c Joint Library Facility
|d Remote Storage
|t 0
|e HC79.C7 M62
|h Library of Congress classification
|i unmediated -- volume
|m A14806121136
|
| 998 |
f |
f |
|a HC79.C7 M62
|t 0
|l Remote Storage
|